000 00576nam a2200205Ia 4500
008 131103s9999 xx 000 0 und d
020 _cRs.10.00
040 _aLoreto College
041 _aEnglish
082 _a370.954/MUK
_bLCBED/11457
100 _aMukherjeee,S.N.
245 _aHistory of education in India
_cS.N.Mukherjeee
260 _aBorada
_bAcharya Book
_c1966
300 _aix,364p.
_b ill.
_c 21cm.
504 _aIncludes bibliography and index
650 _aEducation - India
651 _aIndia - Education
850 _aLCBED/370.954/MUK
942 _cBK
999 _c25840
_d76319